E commerce : (Record no. 10490)

MARC details
000 -LEADER
fixed length control field 00533cam a2200205ua 4500
001 - CONTROL NUMBER
control field 11697
005 - DATE AND TIME OF LATEST TRANSACTION
control field 20260515114804.0
008 - FIXED-LENGTH DATA ELEMENTS--GENERAL INFORMATION
fixed length control field 191019n ii |||gr||||Z||||||eng
020 ## - INTERNATIONAL STANDARD BOOK NUMBER
International Standard Book Number 9780070445321
040 ## - CATALOGING SOURCE
Transcribing agency MAIN
041 ## - LANGUAGE CODE
Language code of text/sound track or separate title eng
082 ## - DEWEY DECIMAL CLASSIFICATION NUMBER
Classification number 381.142
100 ## - MAIN ENTRY--PERSONAL NAME
Personal name David Whiteley,
Relator term Author.
245 ## - TITLE STATEMENT
Title E commerce :
Remainder of title Strategy, technologies and applications /
Statement of responsibility, etc. By David Whiteley .
250 ## - EDITION STATEMENT
Edition statement 39th rep.
260 ## - PUBLICATION, DISTRIBUTION, ETC.
Place of publication, distribution, etc. Chennai:
Name of publisher, distributor, etc. Mcgraw hill education,
Date of publication, distribution, etc. 2017.
300 ## - PHYSICAL DESCRIPTION
Extent 259p.
653 ## - INDEX TERM--UNCONTROLLED
Uncontrolled term Commerce
942 ## - ADDED ENTRY ELEMENTS (KOHA)
Koha item type Books
Holdings
Withdrawn status Lost status Damaged status Not for loan Home library Current library Shelving location Date acquired Total checkouts Full call number Barcode Date last seen Date last checked out Copy number Price effective from Koha item type
        Naharkatiya College Library Naharkatiya College Library General stacks 09/19/2020 9 381.142 | WHI 27007 09/23/2023 09/23/2023 1 09/19/2020 Books